Медико-хозяйственный отчет Саратовской губернской земской психиатрической лечебницы... (Запись № 3437657)

Подробности
000 -МАРКЕР
контрольное поле 02437nam1a22003251i 4500
001 - ИДЕНТИФИКАТОР ЗАПИСИ
контрольное поле v19\rc\1532561
005 - ИДЕНТИФИКАТОР ВЕРСИИ
контрольное поле 20240921135509.0
035 ## - ДРУГИЕ СИСТЕМНЫЕ НОМЕРА
Идентификатор записи (NLR Aleph) 004652226
100 ## - ДАННЫЕ ОБЩЕЙ ОБРАБОТКИ
Данные общей обработки 20060620g18871914|||y0rusy50 ca
101 0# - ЯЗЫК РЕСУРСА
Язык текста, звукозаписи и т.д. русский
102 ## - СТРАНА ПУБЛИКАЦИИ ИЛИ ПРОИЗВОДСТВА
Страна публикации Российская Федерация
105 ## - ПОЛЕ КОДИРОВАННЫХ ДАННЫХ: ТЕКСТОВЫЕ МАТЕРИАЛЫ, МОНОГРАФИЧЕСКИЕ
Кодированные данные о монографическом текстовом документе z |||||
200 1# - ЗАГЛАВИЕ И СВЕДЕНИЯ ОБ ОТВЕТСТВЕННОСТИ
Основное заглавие Медико-хозяйственный отчет Саратовской губернской земской психиатрической лечебницы...
210 ## - ПУБЛИКАЦИЯ, РАСПРОСТРАНЕНИЕ И ДР.
Место издания, распространения и т.д. Саратов
Дата издания, распространения и т.д. 1887-1914
215 ## - ФИЗИЧЕСКАЯ ХАРАКТЕРИСТИКА
Размеры 22-25
300 ## - ОБЩИЕ ПРИМЕЧАНИЯ
Текст примечания Сост. отчетов: за 1888-1889, 1891 гг. - д-р С. Штейнберг; за 1906-1908-1909 гг. - дир. Лечебницы В.А. Муратов; за 1910-1911, 1913 гг. - дир. Лечебницы В.И. Руднев
300 ## - ОБЩИЕ ПРИМЕЧАНИЯ
Текст примечания Загл. отчетов: за 1892-1893 гг. - Медико-хозяйственный отчет по Саратовской губернской земской психиатрической лечебнице и ее Филиальному отделению; за 1901 г. - Отчет Психиатрической лечебницы Саратовского губернского земства; за 1913 г. - Отчет о состоянии Психиатрической лечебницы; за ряд лет незначит. изменено
517 0# - ДРУГИЕ ВАРИАНТЫ ЗАГЛАВИЯ
Вариант заглавия Медико-хозяйственный отчет по Саратовской губернской земской психиатрической лечебнице и ее Филиальному отделению
517 0# - ДРУГИЕ ВАРИАНТЫ ЗАГЛАВИЯ
Вариант заглавия Отчет Психиатрической лечебницы Саратовского губернского земства
517 0# - ДРУГИЕ ВАРИАНТЫ ЗАГЛАВИЯ
Вариант заглавия Отчет о состоянии Психиатрической лечебницы
702 #1 - ИМЯ ЛИЦА - ВТОРИЧНАЯ ОТВЕТСТВЕННОСТЬ
Начальный элемент ввода Штейнберг
Часть имени, кроме начального элемента ввода С.И.
Даты 1835-
Расширение инициалов личного имени Самуил Иванович
Код отношения Составитель
702 #1 - ИМЯ ЛИЦА - ВТОРИЧНАЯ ОТВЕТСТВЕННОСТЬ
Начальный элемент ввода Муратов
Часть имени, кроме начального элемента ввода В.А.
Даты 1865-1916
Расширение инициалов личного имени Владимир Александрович
Код отношения Составитель
702 #1 - ИМЯ ЛИЦА - ВТОРИЧНАЯ ОТВЕТСТВЕННОСТЬ
Код отношения Составитель
Начальный элемент ввода Руднев
Часть имени, кроме начального элемента ввода В. И.
Дополнения к именам, кроме дат д-р мед. наук
Даты 1870-1951
Расширение инициалов личного имени Владимир Иванович
Системный номер авторитетной/нормативной записи 138976
Идентификатор авторитетной/нормативной записи RU\NLR\AUTH\770139011
710 02 - НАИМЕНОВАНИЕ ОРГАНИЗАЦИИ - ПЕРВИЧНАЯ ОТВЕТСТВЕННОСТЬ
Начальный элемент ввода Саратовская губ. земская психиатрическая лечебница
801 #0 - ИСТОЧНИК ЗАПИСИ
Страна Российская Федерация
Организация NLR
Правила каталогизации psbo
801 #1 - ИСТОЧНИК ЗАПИСИ
Страна Российская Федерация
Организация ProSoft-M
Источник данных rusmarc
852 ## - МЕСТОНАХОЖДЕНИЕ И ШИФР ХРАНЕНИЯ
Идентификатор организации NLR
Наименование фонда или коллекции (Sub-Location Identifier) Зем
Шифр хранения (Call Number) 36/О23
852 ## - МЕСТОНАХОЖДЕНИЕ И ШИФР ХРАНЕНИЯ
Идентификатор организации NLR
Шифр хранения (Call Number) +Шифры разные
942 ## - ДОПОЛНИТЕЛЬНЫЕ ЭЛЕМЕНТЫ ЗАПИСИ (АБИС)
Тип экземпляра АБИС Книга

Нет доступных экземпляров.